| 000 | 00661nam a22002411a 4500 | ||
|---|---|---|---|
| 001 | 3344 | ||
| 003 | BD-RjUL | ||
| 005 | 20211208233720.0 | ||
| 008 | 131218s1961 nyu 001 0 eng d | ||
| 035 | _a(BD-RjUL)3378 | ||
| 035 | _a(BD-RjUL) | ||
| 040 |
_aANL _beng _cANL _dNNCU:A _dBD-RjUL |
||
| 041 | _aeng | ||
| 082 | 0 | 4 |
_a331.0973 _bBUL |
| 100 | 1 |
_aButler, Arthur D. _910518 |
|
| 245 | 1 | 0 | _aLabor economics and institutions. |
| 260 |
_aNew York : _bMacmillan, _cc1961. |
||
| 300 |
_a1 v.595 p. ; _c24 cm. |
||
| 504 | _aincludes index | ||
| 650 | 0 |
_aWorking class _zUnited States. _98609 |
|
| 650 | 0 |
_aLabor economics _zUnited States. _99571 |
|
| 942 |
_2ddc _cBK |
||
| 999 |
_c3344 _d3344 |
||